| 000 | 00804nam a22001577a 4500 | ||
|---|---|---|---|
| 003 | OSt | ||
| 005 | 20150916171918.0 | ||
| 008 | 150916b xxu||||| |||| 00| 0 eng d | ||
| 040 | _cRUA | ||
| 082 | _aAGR LIM 2004 B029 Or.1 | ||
| 100 |
_9623 _aLIM VANNDY |
||
| 245 | _aEffect of organicfertilizers on yield for senpidao rice on experiment station of royal university of agriclture,(ប្រសិទ្ធភាពនៃប្រភេទជីសរីរាង្គផ្សេងៗគ្នា ទៅលើទិន្នផលពូជស្រូវសែនពិដោរ នៅស្ថានីយ៍ពិសោធន៍សាកលវិទ្យាល័យភូមិន្ទកសិកម្ម) | ||
| 260 |
_aphnom penh _bRUA _c2004 |
||
| 300 |
_axi,51p. _cill. _g29cm. |
||
| 942 |
_2ddc _cAGR |
||
| 999 |
_c598 _d598 |
||